| 000 | 00465nam a22001697a 4500 | ||
|---|---|---|---|
| 999 |
_c524530 _d524530 |
||
| 003 | NUST | ||
| 038 | _awaseem | ||
| 082 |
_a891.423 _bAHM |
||
| 100 |
_aAhmed, Rashid Javed _915337 |
||
| 245 |
_aMati Othay Leek / _cRashid Javed Ahmed |
||
| 260 |
_aLahore : _bPakistan Punjabi Board, _c1986. |
||
| 300 | _a91 p. ; | ||
| 500 | _aPaperback. | ||
| 880 |
_6100-01\r _aراشد جاوید احمد |
||
| 880 |
_6245-02\r _aمِٹی اُتے لِیک / |
||
| 942 |
_2ddc _cBK |
||